| Поле | Инд. | ПП | Название | Значение |
|---|---|---|---|---|
| Тип записи | a | |||
| Библиографический уровень | m | |||
| 001 | Контрольный номер | a757bfd1-866e-40b1-aa2d-6e13f34afea5 | ||
| 005 | Дата корректировки | 20230517115018.4 | ||
| 008 | Кодируемые данные | 060215 | ||
| 020 | a | ISBN | 5-89826-239-3 | |
| 040 | a | Служба первич. каталог. | НБ ТвГУ | |
| 041 | 0_ | a | Код языка текста | rus |
| 080 | a | Индекс УДК | 78.03(470)"10/19" | |
| 084 | a | Индекс другой классификации/Индекс ББК | Щ313(2Рос=411.2) | |
| a | Индекс другой классификации/Индекс ББК | Щ93(2Рос=411.2) | ||
| 090 | a | Полочн. индекс | Щ313(2Рос) | |
| x | Авторский знак | Г94 | ||
| 100 | 1_ | a | Автор | Гуляницкая Наталья Сергеевна |
| 245 | 10 | a | Заглавие | Русская музыка: становление тональной системы XI-XX вв. |
| b | Продолж. заглавия | исследование | ||
| c | Ответственность | Н. С. Гуляницкая | ||
| 260 | 0_ | a | Место издания | Москва |
| b | Издательство | Прогресс-Традиция | ||
| c | Дата издания | 2005 | ||
| 300 | a | Объем | 384 с. | |
| 504 | a | Библиография | Библиогр. в подстроч. примеч. | |
| 650 | 04 | a | Основная рубрика | Музыка |
| x | Основная подрубрика | История | ||
| y | Хронологическая подрубрика | 11-20 вв. | ||
| z | Географическая подрубрика | Россия | ||
| 650 | 04 | a | Основная рубрика | Русская музыка |
| x | Основная подрубрика | Тональная система | ||
| 650 | 04 | a | Основная рубрика | Музыкальные произведения |
| x | Основная подрубрика | Нотные издания | ||
| 653 | 0_ | a | Ключевые слова | История музыки |
| a | Ключевые слова | Музыка | ||
| a | Ключевые слова | Музыкальные произведения | ||
| a | Ключевые слова | Ноты | ||
| a | Ключевые слова | Русская музыка | ||
| a | Ключевые слова | Тональная система в музыке | ||
| 852 | 41 | i | Расстановочный признак | Проверка 2023 |
| 920 | a | Оператор | Семен | |
| 930 | a | Новая/Ретро | ноты | |
| 952 | c | Вид литературы | К рн | |
| 954 | a | Дата поступления на обработку | 20060320 | |
| e | Дата перешифровки | 20230517 |